Missing Word: Alliterative Actors Quiz Stats

 Plays Quiz Updated Jul 12, 2014

Support Sporcle.
Go Orange.
Score 0/30 Timer 03:00
0 Plays Today
Hint Answer % Correct
Amy AdamsCatch
97.8%
Helen HuntGets
94%
Chris CooperBourne
90.5%
Matthew McConaugheyWolf
90.2%
Laura LinneyLove
90.1%
Helen HuntWomen
86.2%
Robert RedfordWay
83.3%
Chris CooperAmerican
82.5%
Amy AdamsJulie
80.7%
Helen HuntForward
80%
Matthew McConaugheyBuyers
79.1%
Robert RedfordGatsby
75.5%
Matthew McConaugheyTime
72.8%
Matthew McConaugheyMagic
70.6%
Robert RedfordAfrica
70.1%
Hint Answer % Correct
Laura LinneyTruman
68.2%
Robert RedfordPresident's
64.5%
Amy AdamsSteel
62.5%
Laura LinneyMystic
61.5%
Laura LinneyFear
60.6%
Helen HuntCast
53.9%
Matthew McConaugheyLincoln
52.4%
Amy AdamsHustle
47.6%
Chris CooperOsage
46.3%
Amy AdamsCurve
31.9%
Chris CooperOctober
29.4%
Laura LinneyHudson
28.8%
Chris CooperStar
27.9%
Robert RedfordLost
22.4%
Helen HuntSurfer
13.5%

Today's Daily Dose

You're not logged in!

Compare scores with friends on all Sporcle quizzes.
OR
Log In

From the Vault

El or Noel?

by BillyJoelRulez

No 'L' for you!
Remove Ads.
Support Sporcle.
Get the best of Sporcle when you Go Orange. This ad-free experience offers more features, more stats, and more fun while also helping to support Sporcle. Thank you for becoming a member.

Show Comments

Extras

Top Quizzes Today


Score Distribution

Your Account Isn't Verified!

In order to create a playlist on Sporcle, you need to verify the email address you used during registration. Go to your Sporcle Settings to finish the process.

Report this User

Report this user for behavior that violates our Community Guidelines.

Details: